[Event "Open Liberec 2015"]
[Site "Liberec (CZE)"]
[Date "2015.02.17"]
[Round "5.6"]
[White "Liduch, Filip"]
[Black "Chudinovskikh, Alexander M"]
[Result "0-1"]
[WhiteElo "1988"]
[BlackElo "2264"]
[PlyCount "54"]
[EventDate "2015.02.14"]
[Source "lmi"]
[SourceDate "2015.02.14"]

1. e4 g6 2. d4 Bg7 3. Nf3 c6 4. a4 d5 5. Nbd2 Nd7 6. Be2 dxe4 7. Nxe4 Ngf6 8.
Nxf6+ Nxf6 9. O-O O-O 10. c3 a5 11. Qb3 Nd5 12. Re1 Qc7 13. Bc4 e6 14. Ne5 b6
15. Ng4 h5 16. Ne5 Bb7 17. Bd2 Rad8 18. Bd3 c5 19. Be4 Rfe8 20. Rad1 Bxe5 21.
dxe5 c4 22. Qc2 Qxe5 23. Bxg6 Qg7 24. Be4 f5 25. Bf3 Nb4 26. cxb4 Bxf3 27. g3
Qg4 0-1

[Event "Open Liberec 2015"]
[Site "Liberec (CZE)"]
[Date "2015.02.17"]
[Round "5.7"]
[White "Dadello, Aleksandra"]
[Black "Bartos, Jan"]
[Result "0-1"]
[WhiteElo "2036"]
[BlackElo "2195"]
[PlyCount "61"]
[EventDate "2015.02.14"]
[Source "lmi"]
[SourceDate "2015.02.14"]

1. e4 d6 2. d4 Nf6 3. Nc3 g6 4. f4 Bg7 5. Nf3 O-O 6. Be3 b6 7. e5 Ng4 8. Bg1 c5
9. h3 Nh6 10. dxc5 bxc5 11. Bc4 Bb7 12. Bd5 Nc6 13. Bf2 Qb6 14. O-O dxe5 15.
Na4 Qc7 16. fxe5 Na5 17. Bxb7 Qxb7 18. Bxc5 Nf5 19. Ng5 Bxe5 20. c3 Rad8 21.
Qc2 Bb8 22. Rad1 Qc7 23. Rxd8 Qh2+ 24. Kf2 Rxd8 25. Rc1 Bf4 26. Rd1 Bg3+ 27.
Kf3 Nh4+ 28. Ke4 f5+ 29. Ke3 Bf4+ 30. Ke2 Qxg2+ 31. Bf2 0-1

[Event "Open Liberec 2015"]
[Site "Liberec (CZE)"]
[Date "2015.02.17"]
[Round "5.8"]
[White "Paldus, Petr"]
[Black "Kuba, Stanislav"]
[Result "1-0"]
[WhiteElo "2024"]
[BlackElo "2164"]
[PlyCount "71"]
[EventDate "2015.02.14"]
[Source "lmi"]
[SourceDate "2015.02.14"]

1. e4 g6 2. d4 Bg7 3. Nc3 d6 4. Be3 Nf6 5. f3 c6 6. Qd2 h6 7. Bd3 b5 8. a3 a6
9. Nge2 Nbd7 10. O-O c5 11. e5 dxe5 12. dxc5 Bb7 13. b4 h5 14. a4 bxa4 15. Rxa4
h4 16. Rfa1 h3 17. Bxa6 Rxa6 18. Rxa6 Qc8 19. c6 Bxa6 20. b5 Nb8 21. bxa6 Nxa6
22. Nb5 Nb8 23. Ra8 O-O 24. c7 Qb7 25. Rxb8 Rxb8 26. cxb8=Q+ Qxb8 27. Nbc3 hxg2
28. Kxg2 Qb7 29. Ng3 e6 30. Bh6 Bh8 31. Nce4 Nxe4 32. Nxe4 f5 33. Qd8+ Kh7 34.
Ng5+ Kxh6 35. Qxh8+ Kxg5 36. h4+ 1-0

[Event "Open Liberec 2015"]
[Site "Liberec (CZE)"]
[Date "2015.02.17"]
[Round "5.9"]
[White "Liska-Jun., Jiri"]
[Black "Cakl, Zdenek"]
[Result "1-0"]
[WhiteElo "1985"]
[BlackElo "2060"]
[PlyCount "87"]
[EventDate "2015.02.14"]
[Source "lmi"]
[SourceDate "2015.02.14"]

1. Nf3 d5 2. c4 e6 3. g3 c6 4. Bg2 Nf6 5. O-O Be7 6. Qc2 O-O 7. d4 Nbd7 8. b3
b6 9. Nc3 Bb7 10. Rd1 Rc8 11. e4 Nxe4 12. Nxe4 dxe4 13. Qxe4 Nf6 14. Qc2 h6 15.
a4 Qc7 16. a5 c5 17. Bf4 Bd6 18. dxc5 Bxf4 19. cxb6 axb6 20. axb6 Qxb6 21. gxf4
Nh5 22. f5 Nf4 23. f6 gxf6 24. Rd4 Nxg2 25. Rg4+ Kh8 26. Kxg2 Rg8 27. Rg3 Rc5
28. Qd2 Rgg5 29. Qe3 Qc6 30. h4 Rce5 31. Qf4 Ref5 32. Qb8+ Kh7 33. hxg5 Rxf3
34. Kf1 Rf5 35. Ra7 Qh1+ 36. Ke2 Qe4+ 37. Kd1 Qb1+ 38. Kd2 Rxf2+ 39. Kc3 Qe1+
40. Kd4 Rd2+ 41. Kc5 Qf2+ 42. Kb5 Qf5+ 43. Kb4 Be4 44. g6+ 1-0

[Event "Open Liberec 2015"]
[Site "Liberec (CZE)"]
[Date "2015.02.17"]
[Round "5.10"]
[White "Bjerke, Silje"]
[Black "Kabelka, Ondrej"]
[Result "1-0"]
[WhiteElo "2157"]
[BlackElo "1923"]
[PlyCount "49"]
[EventDate "2015.02.14"]
[Source "lmi"]
[SourceDate "2015.02.14"]

1. e4 e6 2. d4 d5 3. Nc3 Bb4 4. e5 c5 5. a3 Bxc3+ 6. bxc3 Ne7 7. Qg4 Qc7 8. Bd3
cxd4 9. Ne2 Nbc6 10. cxd4 Bd7 11. O-O Na5 12. Qxg7 Rg8 13. Qf6 Ba4 14. Bxh7 Rf8
15. Bg5 Nac6 16. Bd3 O-O-O 17. Rab1 Rde8 18. Nc3 Qa5 19. Bd2 Nd8 20. Ne4 Qc7
21. Nd6+ Kb8 22. Nxe8 Rxe8 23. h4 Ng8 24. Qf4 Qe7 25. Bb4 1-0

[Event "Open Liberec 2015"]
[Site "Liberec (CZE)"]
[Date "2015.02.17"]
[Round "5.11"]
[White "Buchcar, Tomas"]
[Black "Nikula, Mikko"]
[Result "1/2-1/2"]
[WhiteElo "2098"]
[BlackElo "1871"]
[PlyCount "48"]
[EventDate "2015.02.14"]
[Source "lmi"]
[SourceDate "2015.02.14"]

1. c3 d6 2. d4 e5 3. dxe5 dxe5 4. Qxd8+ Kxd8 5. g3 c6 6. Bh3 Bxh3 7. Nxh3 f6 8.
e4 a5 9. Be3 Kc7 10. Nd2 Nd7 11. Ke2 Bc5 12. Rhd1 Ne7 13. f3 Bxe3 14. Kxe3 Rhd8
15. Nf2 Nc5 16. b3 b6 17. Nc4 Rxd1 18. Rxd1 b5 19. Nb2 Rd8 20. Rxd8 Kxd8 21.
Nfd3 Nd7 22. f4 Kc7 23. h3 Kd6 24. Ne1 f5 1/2-1/2

[Event "Open Liberec 2015"]
[Site "Liberec (CZE)"]
[Date "2015.02.17"]
[Round "5.12"]
[White "Klucznik, Andre"]
[Black "Ptacek, Tomas"]
[Result "1-0"]
[WhiteElo "1776"]
[BlackElo "2009"]
[PlyCount "37"]
[EventDate "2015.02.14"]
[Source "lmi"]
[SourceDate "2015.02.14"]

1. e4 c5 2. c3 d5 3. exd5 Qxd5 4. d4 Nc6 5. Nf3 Bg4 6. Nbd2 cxd4 7. Bc4 Qh5 8.
Qb3 Rb8 9. cxd4 Bd7 10. Qc3 e6 11. O-O Bb4 12. Qb3 Nf6 13. Re1 O-O 14. Ne5 Bd6
15. Qc3 Ne7 16. Be2 Qh6 17. Ndf3 g5 18. Bxg5 Qg7 19. Bxf6 1-0

[Event "Open Liberec 2015"]
[Site "Liberec (CZE)"]
[Date "2015.02.17"]
[Round "5.13"]
[White "Slechta, Jan"]
[Black "Malinovsky, Petr"]
[Result "0-1"]
[WhiteElo "1769"]
[BlackElo "1984"]
[PlyCount "76"]
[EventDate "2015.02.14"]
[Source "lmi"]
[SourceDate "2015.02.14"]

1. d4 d5 2. c4 e6 3. Nc3 c6 4. Nf3 dxc4 5. e4 b5 6. a4 Bb4 7. Bd2 a5 8. Be2 Bb7
9. O-O Bxc3 10. bxc3 Nf6 11. Qb1 Ba6 12. Bg5 Qc7 13. Bxf6 gxf6 14. Qc2 Rg8 15.
e5 f5 16. Ne1 Nd7 17. f4 Nb6 18. axb5 cxb5 19. Bf3 Bb7 20. Qb2 Bc6 21. Bxc6+
Qxc6 22. Rb1 Nd5 23. Qxb5 Qxb5 24. Rxb5 Nxc3 25. Rc5 Ne4 26. Rc7 Kf8 27. Nc2
Kg7 28. Ra1 c3 29. Rc4 Rgb8 30. h3 Rb2 31. Na3 Rab8 32. Ra4 R8b4 33. Rxa5 Rxd4
34. Rb5 Re2 35. Kh2 Rdd2 36. Rg1 c2 37. Nxc2 Rxc2 38. Rb3 Rf2 0-1

[Event "Open Liberec 2015"]
[Site "Liberec (CZE)"]
[Date "2015.02.17"]
[Round "5.14"]
[White "Vorontsov, Gennadiy"]
[Black "Sernecki, Franciszek"]
[Result "1-0"]
[WhiteElo "1727"]
[BlackElo "1978"]
[PlyCount "94"]
[EventDate "2015.02.14"]
[Source "lmi"]
[SourceDate "2015.02.14"]

1. e4 d6 2. d4 Nf6 3. Nc3 c6 4. g3 Nbd7 5. Bg2 e5 6. Be3 Be7 7. h3 O-O 8. Nge2
a6 9. Qd2 b5 10. a3 Qc7 11. g4 Nb6 12. b3 Rd8 13. Ng3 Bd7 14. g5 Ne8 15. h4 a5
16. O-O b4 17. Nce2 c5 18. d5 bxa3 19. Rxa3 a4 20. Nf5 Bxf5 21. exf5 Rdb8 22.
Ng3 axb3 23. Rxb3 Nc4 24. Qd3 Nb2 25. Qe2 Na4 26. f4 exf4 27. Bxf4 Rxb3 28.
cxb3 Nb6 29. Re1 Bf8 30. h5 c4 31. Rc1 Nxd5 32. Be3 Nxe3 33. Bxa8 Qa7 34. Qf2
Qxa8 35. Qxe3 cxb3 36. Qxb3 d5 37. g6 hxg6 38. hxg6 Bd6 39. Qf3 Qa7+ 40. Kg2
Bxg3 41. Qxg3 Qb7 42. Re1 Nf6 43. Qd6 Qb2+ 44. Kh1 Kh8 45. Qf8+ Ng8 46. gxf7
Kh7 47. fxg8=Q+ Kh6 1-0

[Event "Open Liberec 2015"]
[Site "Liberec (CZE)"]
[Date "2015.02.17"]
[Round "5.15"]
[White "Von Keyserlingk, Chanda"]
[Black "Grzesik, Norbert"]
[Result "0-1"]
[WhiteElo "1706"]
[BlackElo "1961"]
[PlyCount "42"]
[EventDate "2015.02.14"]
[Source "lmi"]
[SourceDate "2015.02.14"]

1. d4 Nf6 2. c4 e6 3. Nc3 Bb4 4. Qc2 O-O 5. Nf3 d5 6. e3 Nbd7 7. Bd3 a6 8. O-O
dxc4 9. Bxc4 b5 10. Bd3 Bb7 11. e4 h6 12. e5 Nd5 13. Nxd5 Bxd5 14. a3 Be7 15.
Be3 Rc8 16. Qd2 c5 17. Bxh6 cxd4 18. Bf4 Nc5 19. Ng5 Nxd3 20. Nh7 Nxf4 21. Nxf8
Bg5 0-1

[Event "Open Liberec 2015"]
[Site "Liberec (CZE)"]
[Date "2015.02.17"]
[Round "5.16"]
[White "Nemcova, Kamila"]
[Black "Kucera, Jaroslav"]
[Result "1-0"]
[WhiteElo "1697"]
[BlackElo "1929"]
[PlyCount "100"]
[EventDate "2015.02.14"]
[Source "lmi"]
[SourceDate "2015.02.14"]

1. e4 d6 2. d4 Nf6 3. Nc3 c6 4. Nf3 Bg4 5. Be2 Nbd7 6. Bf4 Qa5 7. Qd2 e5 8. Be3
Be7 9. O-O O-O 10. Rad1 b5 11. dxe5 dxe5 12. Nd5 Qd8 13. Nxf6+ Bxf6 14. h3 Be6
15. Qc3 Qc8 16. Rd6 Be7 17. Rxc6 Qb7 18. Rc7 Qxe4 19. Bxb5 Bb4 20. Bc6 Bxc3 21.
Bxe4 Ba5 22. Rxa7 Rxa7 23. Bxa7 Rc8 24. c3 f5 25. Bc2 f4 26. Bxh7+ Kh8 27. Be4
Rc7 28. b4 Rxa7 29. bxa5 Rxa5 30. Bc6 Nb8 31. Be4 Nd7 32. Ra1 Nc5 33. Bc2 Nd7
34. a4 Nf6 35. Re1 Nd7 36. Rd1 Rc5 37. Ng5 Bd5 38. c4 Bc6 39. Bb3 g6 40. Rd6
Nf8 41. Nf7+ Kg8 42. Nxe5 Bxa4 43. Nd3 Ra5 44. Bxa4 Rxa4 45. c5 g5 46. c6 Ra7
47. Nc5 Rc7 48. Na6 Rc8 49. c7 Ng6 50. Rd8+ Kf7 1-0

[Event "Open Liberec 2015"]
[Site "Liberec (CZE)"]
[Date "2015.02.17"]
[Round "5.17"]
[White "Hiller, Wieland"]
[Black "Vetter, Udo"]
[Result "1-0"]
[WhiteElo "1954"]
[BlackElo "1616"]
[PlyCount "55"]
[EventDate "2015.02.14"]
[Source "lmi"]
[SourceDate "2015.02.14"]

1. d4 Nf6 2. Nf3 d5 3. e3 g6 4. Bd3 Bg7 5. Nbd2 Nbd7 6. b3 b6 7. Qe2 Bb7 8. c4
e6 9. Ba3 c5 10. Rc1 O-O 11. cxd5 exd5 12. dxc5 bxc5 13. Bxc5 Re8 14. Bd4 Ne4
15. Bxg7 Kxg7 16. Bxe4 dxe4 17. Nd4 Qa5 18. Qb5 Qxb5 19. Nxb5 Ba6 20. Nd6 Re6
21. N2c4 Nc5 22. O-O Nd3 23. Rc3 Rd8 24. Rd1 Kh8 25. Nxf7+ Kg7 26. Nxd8 Rf6 27.
Rcxd3 exd3 28. Rxd3 1-0

[Event "Open Liberec 2015"]
[Site "Liberec (CZE)"]
[Date "2015.02.17"]
[Round "5.18"]
[White "Krajinski, Lutz"]
[Black "Mejzr, Jan"]
[Result "0-1"]
[WhiteElo "1713"]
[BlackElo "1861"]
[PlyCount "88"]
[EventDate "2015.02.14"]
[Source "lmi"]
[SourceDate "2015.02.14"]

1. c4 Nf6 2. Nc3 g6 3. d4 Bg7 4. e4 d6 5. Be2 O-O 6. Be3 a6 7. h3 c6 8. a4 a5
9. Nf3 Na6 10. O-O Nd7 11. Ne1 c5 12. d5 Nb6 13. Qd2 Re8 14. Rd1 Bd7 15. b3 Nc8
16. Nd3 b6 17. Bg4 Bxg4 18. hxg4 Qd7 19. f3 Na7 20. g3 Rad8 21. Rf2 Nc7 22. Rh2
e6 23. Kg2 f5 24. dxe6 Qxe6 25. Nf4 Qe5 26. Nfd5 Nxd5 27. Nxd5 fxg4 28. Bg5
gxf3+ 29. Kf2 Rd7 30. Nxb6 Rb7 31. Qd5+ Qxd5 32. Nxd5 Rxb3 33. Ne3 Rb2+ 34. Kg1
Rxh2 35. Kxh2 Bd4 36. Rf1 Rf8 37. Nd5 Nc6 38. Ne7+ Nxe7 39. Bxe7 Re8 40. Bxd6
f2 41. e5 Kf7 42. Kg2 Ke6 43. Rb1 Bxe5 44. Bxc5 Rb8 0-1

[Event "Open Liberec 2015"]
[Site "Liberec (CZE)"]
[Date "2015.02.17"]
[Round "5.19"]
[White "Baraniuk, Andrej"]
[Black "Berger, Volkmar"]
[Result "0-1"]
[WhiteElo "1658"]
[BlackElo "1801"]
[PlyCount "78"]
[EventDate "2015.02.14"]
[Source "lmi"]
[SourceDate "2015.02.14"]

1. b4 e5 2. Bb2 Bxb4 3. Bxe5 Nf6 4. Nf3 Nc6 5. Bb2 d5 6. e3 O-O 7. Be2 Bg4 8.
O-O Ne4 9. c3 Bd6 10. d3 Nf6 11. Nbd2 Bf5 12. Re1 Ng4 13. e4 dxe4 14. dxe4 Be6
15. h3 Nge5 16. Nd4 Bxh3 17. N2f3 Bd7 18. Qd2 Bg4 19. Nxe5 Nxe5 20. f4 Qh4 21.
Bxg4 Nxg4 22. Nf3 Bc5+ 23. Kf1 Qh1+ 24. Ke2 Qxg2+ 25. Kd1 Rad8 26. Nd4 Qxd2+
27. Kxd2 Bxd4 28. cxd4 Nf6 29. Rac1 c6 30. Rc5 Rfe8 31. Kd3 Rd5 32. Re2 Rh5 33.
Re3 Rh4 34. d5 Nh5 35. f5 Nf4+ 36. Kd4 cxd5 37. exd5 Ng2+ 38. Re4 Rhxe4+ 39.
Kd3 Re3+ 0-1

[Event "Open Liberec 2015"]
[Site "Liberec (CZE)"]
[Date "2015.02.17"]
[Round "5.20"]
[White "Liska-Sen., Jiri"]
[Black "Czarniecka, Aleksandra"]
[Result "0-1"]
[WhiteElo "1652"]
[BlackElo "1411"]
[PlyCount "84"]
[EventDate "2015.02.14"]
[Source "lmi"]
[SourceDate "2015.02.14"]

1. d4 Nf6 2. Nf3 g6 3. e3 Bg7 4. c4 d6 5. Nc3 O-O 6. Be2 Nbd7 7. O-O e5 8. d5
a5 9. e4 Nc5 10. Qc2 Nh5 11. Be3 f5 12. Bxc5 dxc5 13. Bd3 Nf4 14. Ne2 Nxe2+ 15.
Qxe2 f4 16. Qc2 Bg4 17. Be2 g5 18. Qb3 b6 19. Rad1 h5 20. Rd2 Bxf3 21. gxf3 g4
22. fxg4 hxg4 23. Bxg4 f3 24. Rd3 Qg5 25. h3 Rf4 26. Rxf3 Rxe4 27. Rg3 Qh6 28.
Be6+ Kh8 29. Qd3 Rf4 30. b3 Raf8 31. Kg2 e4 32. Qe2 Bd4 33. Rg4 Rxf2+ 34. Rxf2
Rxf2+ 35. Qxf2 Bxf2 36. Kxf2 Qd2+ 37. Kg3 Qe3+ 38. Kh4 Qf3 39. Rg8+ Kh7 40. Rc8
Qf4+ 41. Bg4 e3 42. Re8 Qf6+ 0-1

[Event "Open Liberec 2015"]
[Site "Liberec (CZE)"]
[Date "2015.02.18"]
[Round "6.1"]
[White "Vlasak, Lukas"]
[Black "Nosenko, Alexander"]
[Result "1/2-1/2"]
[WhiteElo "2353"]
[BlackElo "2525"]
[PlyCount "46"]
[EventDate "2015.02.14"]
[Source "lmi"]
[SourceDate "2015.02.14"]

1. e4 e6 2. d4 d5 3. Nd2 Nc6 4. Ngf3 Nf6 5. e5 Nd7 6. Nb3 a5 7. a4 Be7 8. Bb5
Na7 9. Bd3 b6 10. O-O O-O 11. Bf4 c5 12. c4 Bb7 13. Qe2 Nc6 14. dxc5 Nxc5 15.
Nxc5 bxc5 16. Rfd1 Nb4 17. Bb1 g6 18. Bd2 Qc7 19. Ng5 Nc6 20. Nxh7 Nd4 21. Qg4
Kxh7 22. Qh5+ Kg8 23. Bxg6 fxg6 1/2-1/2

[Event "Open Liberec 2015"]
[Site "Liberec (CZE)"]
[Date "2015.02.18"]
[Round "6.2"]
[White "Kucera, Petr"]
[Black "Plischki, Sebastian"]
[Result "1/2-1/2"]
[WhiteElo "2252"]
[BlackElo "2386"]
[PlyCount "39"]
[EventDate "2015.02.14"]
[Source "lmi"]
[SourceDate "2015.02.14"]

1. c4 Nf6 2. Nc3 g6 3. g3 Bg7 4. Bg2 O-O 5. Nf3 d6 6. O-O e5 7. d3 h6 8. Rb1 a5
9. a3 Re8 10. Qc2 c6 11. e4 Na6 12. b4 axb4 13. axb4 Nc7 14. Be3 Ne6 15. Ra1
Rxa1 16. Rxa1 Ng4 17. Ba7 Nf6 18. Be3 Ng4 19. Ba7 Nf6 20. Be3 1/2-1/2

[Event "Open Liberec 2015"]
[Site "Liberec (CZE)"]
[Date "2015.02.18"]
[Round "6.3"]
[White "Grela, Kacper"]
[Black "Roeder, Matthias"]
[Result "1/2-1/2"]
[WhiteElo "2165"]
[BlackElo "2414"]
[PlyCount "63"]
[EventDate "2015.02.14"]
[Source "lmi"]
[SourceDate "2015.02.14"]

1. e4 c5 2. Nf3 d6 3. d4 cxd4 4. Nxd4 Nf6 5. Nc3 a6 6. Bg5 e6 7. f4 h6 8. Bh4
Qb6 9. a3 Be7 10. Bf2 Qc7 11. Qe2 Nc6 12. O-O-O Nxd4 13. Rxd4 e5 14. Rc4 Qd8
15. Nd5 Nxd5 16. exd5 exf4 17. Re4 Bf5 18. Rxf4 Bg6 19. Bh4 Rc8 20. Bxe7 Qxe7
21. Qxe7+ Kxe7 22. c4 b5 23. Kd2 Rc7 24. Bd3 Bxd3 25. Re1+ Kd8 26. Kxd3 Re8 27.
Rxe8+ Kxe8 28. b3 bxc4+ 29. Rxc4 Rxc4 30. bxc4 f5 31. a4 Kd7 32. a5 1/2-1/2

[Event "Open Liberec 2015"]
[Site "Liberec (CZE)"]
[Date "2015.02.18"]
[Round "6.4"]
[White "Nagy, Gabor"]
[Black "Sobeck, Guenter"]
[Result "1-0"]
[WhiteElo "2391"]
[BlackElo "2107"]
[PlyCount "73"]
[EventDate "2015.02.14"]
[Source "lmi"]
[SourceDate "2015.02.14"]

1. Nf3 b6 2. g3 Bb7 3. Bg2 e6 4. c4 c5 5. O-O Nf6 6. Nc3 Be7 7. Re1 d6 8. d4
cxd4 9. Qxd4 a6 10. b3 Nbd7 11. Bb2 O-O 12. e4 Qc7 13. Qd2 Rfd8 14. Rac1 Rac8
15. Nd4 Bf8 16. h3 Qb8 17. g4 g6 18. f4 e5 19. Nf3 b5 20. Nd5 bxc4 21. bxc4
Bxd5 22. exd5 Re8 23. Kh1 Bg7 24. fxe5 dxe5 25. Ba3 e4 26. Nd4 Qg3 27. Re3 Bh6
28. Rxg3 Bxd2 29. Rc2 e3 30. Bf1 Rb8 31. Rg1 Ne4 32. c5 Rb1 33. c6 Nb6 34. d6
e2 35. Nxe2 Be3 36. d7 Ra8 37. c7 1-0

[Event "Open Liberec 2015"]
[Site "Liberec (CZE)"]
[Date "2015.02.18"]
[Round "6.5"]
[White "Chudinovskikh, Alexander M"]
[Black "Liska-Jun., Jiri"]
[Result "1-0"]
[WhiteElo "2264"]
[BlackElo "1985"]
[PlyCount "53"]
[EventDate "2015.02.14"]
[Source "lmi"]
[SourceDate "2015.02.14"]

1. d4 Nf6 2. Nf3 d5 3. c4 c6 4. Nc3 e6 5. g3 Be7 6. Bg2 O-O 7. O-O Nbd7 8. Nd2
Nb6 9. b3 dxc4 10. Nxc4 Nbd5 11. Bb2 c5 12. Rc1 Nxc3 13. Bxc3 Nd5 14. Bb2 cxd4
15. Bxd4 b5 16. Ne5 Bb7 17. Qd2 h6 18. Rfd1 Bb4 19. Qb2 Qe7 20. Nc6 Bxc6 21.
Rxc6 Ba3 22. Qa1 Qd7 23. Ra6 Bb4 24. Bxg7 Qb7 25. Bxd5 Qxa6 26. Bxh6 f6 27.
Bxa8 1-0

[Event "Open Liberec 2015"]
[Site "Liberec (CZE)"]
[Date "2015.02.18"]
[Round "6.6"]
[White "Halak, Miklos"]
[Black "Bradac, Daniel"]
[Result "1-0"]
[WhiteElo "2241"]
[BlackElo "1932"]
[PlyCount "45"]
[EventDate "2015.02.14"]
[Source "lmi"]
[SourceDate "2015.02.14"]

1. e4 c5 2. c3 g6 3. Nf3 d6 4. d4 Nd7 5. Bc4 Bg7 6. O-O e6 7. Bf4 e5 8. dxe5
dxe5 9. Bg3 Qc7 10. Na3 a6 11. Ng5 Nh6 12. f4 O-O 13. fxe5 Nxe5 14. Bd5 Qe7 15.
Qd2 Nhg4 16. h3 h6 17. Nxf7 Nxf7 18. Bd6 Bd4+ 19. Qxd4 cxd4 20. Bxe7 Ne3 21.
Bxf8 Nxd5 22. exd5 Kxf8 23. Rad1 1-0

[Event "Open Liberec 2015"]
[Site "Liberec (CZE)"]
[Date "2015.02.18"]
[Round "6.7"]
[White "Balinski, Damian"]
[Black "Buchcar, Tomas"]
[Result "1-0"]
[WhiteElo "2156"]
[BlackElo "2098"]
[PlyCount "113"]
[EventDate "2015.02.14"]
[Source "lmi"]
[SourceDate "2015.02.14"]

1. c4 c5 2. Nf3 Nf6 3. Nc3 e6 4. g3 b6 5. Bg2 Bb7 6. O-O Be7 7. d4 cxd4 8. Qxd4
d6 9. Rd1 a6 10. b3 Nbd7 11. e4 Qc7 12. Ba3 Nc5 13. e5 dxe5 14. Qxe5 Qxe5 15.
Nxe5 Bxg2 16. Kxg2 Rc8 17. Bxc5 Bxc5 18. Rd3 Ke7 19. Rad1 Rc7 20. f4 Rb8 21. g4
Rbb7 22. f5 Bb4 23. fxe6 Bxc3 24. Rxc3 fxe6 25. Re3 Nd7 26. Nd3 a5 27. Nf4 Rc6
28. Nd5+ Ke8 29. Rde1 Nf8 30. Re5 a4 31. h4 axb3 32. axb3 Ra7 33. Kg3 Ra3 34.
R1e3 Kd7 35. Nf4 Rd6 36. h5 h6 37. g5 Ra1 38. gxh6 gxh6 39. Rd3 Rxd3+ 40. Nxd3
Kd6 41. Rb5 Nd7 42. Nf2 Ra8 43. Ng4 Rg8 44. Kf3 Rf8+ 45. Ke3 Kc6 46. Ne5+ Nxe5
47. Rxe5 Kd6 48. Rb5 Kc6 49. Ke4 Rf2 50. Ke5 Re2+ 51. Kf6 Re3 52. Kg6 e5 53.
Kxh6 Rg3 54. Rxe5 Rxb3 55. Rg5 Rb4 56. Rg4 Kd7 57. Kg7 1-0

[Event "Open Liberec 2015"]
[Site "Liberec (CZE)"]
[Date "2015.02.18"]
[Round "6.8"]
[White "Kuba, Stanislav"]
[Black "Stojkovic, Andreja"]
[Result "1/2-1/2"]
[WhiteElo "2164"]
[BlackElo "1919"]
[PlyCount "103"]
[EventDate "2015.02.14"]
[Source "lmi"]
[SourceDate "2015.02.14"]

1. g3 c5 2. Bg2 Nf6 3. Nf3 g6 4. O-O Bg7 5. c3 O-O 6. d4 Na6 7. Nbd2 d5 8. Ne5
cxd4 9. cxd4 Qb6 10. Nb3 Ne4 11. Be3 Bf5 12. g4 Be6 13. Bxe4 dxe4 14. d5 Qd6
15. dxe6 Qxe6 16. Qd7 Bxe5 17. Qxe6 fxe6 18. Rfd1 Rfd8 19. Rxd8+ Rxd8 20. Bxa7
Bxb2 21. Rb1 Bc3 22. Rc1 Bd2 23. Rc4 e5 24. Rxe4 Bc3 25. Rc4 Bb4 26. Kg2 Kf7
27. a4 Rd1 28. Nc1 Bd6 29. Nd3 Rd2 30. Re4 Ra2 31. h4 Ke6 32. Nf4+ Kf7 33. Nd3
Ke6 34. Kf3 Ra3 35. Be3 Kd5 36. h5 Rb3 37. hxg6 hxg6 38. g5 Nc7 39. Rh4 Ne6 40.
Rg4 Ng7 41. Bc1 Ne6 42. Ke3 Nc5 43. Kd2 Ne4+ 44. Kc2 Rc3+ 45. Kb1 Rc4 46. Kb2
Rxa4 47. f3 Nc5 48. Nb4+ Rxb4+ 49. Rxb4 Nd3+ 50. exd3 Bxb4 51. Kb3 Bc5 52. Kc3
1/2-1/2

[Event "Open Liberec 2015"]
[Site "Liberec (CZE)"]
[Date "2015.02.18"]
[Round "6.9"]
[White "Prachar, Josef"]
[Black "Moncayo Romero, Evelyn"]
[Result "0-1"]
[WhiteElo "1919"]
[BlackElo "2080"]
[PlyCount "66"]
[EventDate "2015.02.14"]
[Source "lmi"]
[SourceDate "2015.02.14"]

1. d4 Nf6 2. c4 c5 3. d5 e6 4. Nc3 exd5 5. cxd5 d6 6. e4 g6 7. f4 Bg7 8. Nf3
O-O 9. Be2 Re8 10. e5 Nfd7 11. exd6 a6 12. a4 Qf6 13. O-O Qxd6 14. Ng5 Bd4+ 15.
Kh1 Nf6 16. Bf3 Nbd7 17. Ne2 Be3 18. Bxe3 Rxe3 19. Qd2 Rb3 20. Nc3 Rb4 21. Nce4
Qb6 22. Nxf6+ Nxf6 23. Qc3 h6 24. Qe5 hxg5 25. fxg5 Nh7 26. Qe8+ Nf8 27. Bg4
Qc7 28. d6 Bxg4 29. Qxa8 Qxd6 30. Rf6 Qe5 31. Raf1 Bf5 32. Qd8 Rxb2 33. Qa5 Qd5
0-1

[Event "Open Liberec 2015"]
[Site "Liberec (CZE)"]
[Date "2015.02.18"]
[Round "6.10"]
[White "Baum, Jonasz"]
[Black "Dadello, Aleksandra"]
[Result "1-0"]
[WhiteElo "1893"]
[BlackElo "2036"]
[PlyCount "53"]
[EventDate "2015.02.14"]
[Source "lmi"]
[SourceDate "2015.02.14"]

1. e4 e6 2. d4 d5 3. Nc3 Nf6 4. e5 Nfd7 5. Nf3 c5 6. dxc5 Nc6 7. Bf4 Bxc5 8.
Bd3 f6 9. exf6 Nxf6 10. Qe2 O-O 11. O-O-O Bd7 12. Ne5 Rc8 13. g4 Bd6 14. Ng6
Bxf4+ 15. Nxf4 e5 16. Nfxd5 Nxd5 17. Nxd5 Qg5+ 18. Ne3 Nd4 19. Qd2 Bc6 20. h4
Qf4 21. Rhf1 Nf3 22. Qa5 Nh2 23. Qxa7 Nxf1 24. Rxf1 Be4 25. Bxe4 Qxe4 26. Qb6
Rf3 27. Qe6+ 1-0

[Event "Open Liberec 2015"]
[Site "Liberec (CZE)"]
[Date "2015.02.18"]
[Round "6.11"]
[White "Nikula, Mikko"]
[Black "Wolf, Andreas"]
[Result "0-1"]
[WhiteElo "1871"]
[BlackElo "2035"]
[PlyCount "96"]
[EventDate "2015.02.14"]
[Source "lmi"]
[SourceDate "2015.02.14"]

1. e4 c5 2. Nf3 e6 3. d4 cxd4 4. Nxd4 Nf6 5. Bd3 Nc6 6. Nb3 d5 7. exd5 exd5 8.
O-O Be7 9. Re1 O-O 10. Bf4 Bg4 11. Be2 Bxe2 12. Rxe2 Bd6 13. Bxd6 Qxd6 14. Nc3
Ng4 15. g3 Qh6 16. f3 Nge5 17. Qxd5 Rad8 18. Qe4 f5 19. Qe3 f4 20. gxf4 Rxf4
21. Rf1 Rdf8 22. Nd2 Qh5 23. Rg2 Nd4 24. Ne2 Nexf3+ 25. Nxf3 Rxf3 26. Rxf3
Nxf3+ 27. Kh1 Nh4 28. Rg5 Rf1+ 29. Ng1 Rxg1+ 30. Qxg1 Qf3+ 31. Rg2 Nxg2 32.
Qxg2 Qd1+ 33. Qg1 Qf3+ 34. Qg2 Qd1+ 35. Qg1 Qxc2 36. Qxa7 Qxb2 37. Qb8+ Kf7 38.
Qc7+ Kg6 39. Qg3+ Kf5 40. Qd3+ Kf4 41. Qg3+ Ke4 42. Qg4+ Ke3 43. Qg3+ Kd2 44.
Qf2+ Kc1 45. Qe1+ Kc2 46. Qe2+ Kb1 47. Qd3+ Kxa2 48. Qxh7 Qb1+ 0-1

[Event "Open Liberec 2015"]
[Site "Liberec (CZE)"]
[Date "2015.02.18"]
[Round "6.12"]
[White "Malinovsky, Petr"]
[Black "Vorontsov, Gennadiy"]
[Result "0-1"]
[WhiteElo "1984"]
[BlackElo "1727"]
[PlyCount "58"]
[EventDate "2015.02.14"]
[Source "lmi"]
[SourceDate "2015.02.14"]

1. d4 Nf6 2. c4 e6 3. Nc3 Bb4 4. Bg5 h6 5. Bh4 b6 6. f3 Bb7 7. e4 g5 8. Bg3
Bxc3+ 9. bxc3 d6 10. Bd3 Nh5 11. Ne2 Nxg3 12. hxg3 h5 13. g4 h4 14. Qd2 Qf6 15.
Rb1 Nd7 16. c5 dxc5 17. e5 Qg7 18. Qe3 O-O-O 19. a4 a5 20. Be4 Bd5 21. c4 cxd4
22. Nxd4 Bxe4 23. fxe4 Nxe5 24. Nf3 Rd3 25. Qe2 Nxf3+ 26. gxf3 Qc3+ 27. Kf1
Rxf3+ 28. Kg2 h3+ 29. Kg1 Qd4+ 0-1

[Event "Open Liberec 2015"]
[Site "Liberec (CZE)"]
[Date "2015.02.18"]
[Round "6.13"]
[White "Grzesik, Norbert"]
[Black "Klucznik, Andre"]
[Result "1-0"]
[WhiteElo "1961"]
[BlackElo "1776"]
[PlyCount "91"]
[EventDate "2015.02.14"]
[Source "lmi"]
[SourceDate "2015.02.14"]

1. e4 c5 2. Nf3 g6 3. d4 Bg7 4. c4 cxd4 5. Nxd4 Nc6 6. Be3 Nf6 7. Nc3 d6 8. Be2
Bd7 9. O-O O-O 10. Qd2 Ng4 11. Bxg4 Bxg4 12. h3 Bd7 13. Rad1 a6 14. Nd5 Rc8 15.
b3 Nxd4 16. Bxd4 Bxd4 17. Qxd4 Be6 18. f4 Bxd5 19. exd5 Qa5 20. Rf2 f5 21. Re2
Rf7 22. Rde1 Rc7 23. Qf2 Qc5 24. Qxc5 dxc5 25. Re6 Kf8 26. Rb6 Rf6 27. Rxf6+
exf6 28. Re6 Kf7 29. Kf2 Re7 30. Rxe7+ Kxe7 31. Ke3 b5 32. a3 g5 33. cxb5 axb5
34. a4 Kd6 35. axb5 Kxd5 36. g3 Kd6 37. Kd3 Kc7 38. Kc4 Kb6 39. h4 h6 40. b4
cxb4 41. Kxb4 gxf4 42. gxf4 h5 43. Kc4 Kc7 44. Kd5 Kb6 45. Ke6 Kxb5 46. Kxf6
1-0